000 00854nam a2200217Ia 4500
001 15452
005 20260318172541.0
008 260306t2016||||xx |||||||||||||| ||und||
041 _aESP
082 _a540
_bM26
100 _aMartínez Márquez, Eduardo
_eAUT
245 0 _aQuímica I:
_bcon enfoque por competencias
260 _c2016
300 _axv, 343 páginas :
_c27 cm.
650 _aGEN
654 _aCCN
856 _uhttps://itmsp.museknowledge.com/UCSP?url=https://www.ebooks7-24.com:443/?il=7700&pg=1
_zVersión digital (2018)
856 _uhttps://0u213t1aq-y-https-ebooks7--24-com.itmsp.museknowledge.com/biblioteca.aspx
_zVéase además: Base de datos Ebook7-24
856 _uhttps://0u20ft1ay-y-https-research-ebsco-com.itmsp.museknowledge.com/c/qxo6us/search
_zVéase además: Base de datos EBSCOhost
942 _cLIB
_dJUS
_fJUS
_2ddc
999 _c15452
_d15452